読み方が難しい地名 北海道道南編 - Statistics

General Stats
  • This quiz has been taken 78 times
  • The average score is 3 of 9
Answer Stats
所在地の例 字数 問題 解答欄 % Correct
北海道長万部町 4 国縫 くんぬい
84%
北海道七飯町 5 軍川 いくさがわ
70%
北海道今金町 3 美利河 ぴりか
63%
北海道せたな町 3 大成区「久遠」 くどお
29%
北海道函館市 6 川汲町 かっくみまち
27%
北海道上ノ国町 4 小砂子 ちいさご
13%
北海道函館市 5 田家町 たやちょう
10%
北海道江差町 8 小黒部町 おぐろっぺちょう
6%
北海道北斗市 3 飯生 いなり
0%
No matching quizzes found
Score Distribution
Percent of People with Each Score
Percentile by Number Answered
Your Score History
You have not taken this quiz